000 00590nam a22001577a 4500
999 _c20367
_d20367
008 240812b ||||| |||| 00| 0 eng d
082 _22023
_aUT
100 _aGallardo, Unique.
_957461
245 _aTaxpayers' satisfaction on the bureau of internal revenue (BIR) services /
_cUnique Gallardo, Rachelle Lausa, Maria Pricilla Robles
260 _aDigos City :
_bUMDC,
_cJuly 2023.
300 _aviii, 43 pages :
_c30 cm.
650 _aManagement Accounting.
_xUndergraduate Thesis.
_957458
700 _aLausa, Rachelle.
_957462
700 _aRobles, Maria Pricilla.
_957463
942 _2ddc
_cUT